50 Biggest Cities of Malta on a Map - Statistics

General Stats
  • This quiz has been taken 382 times
  • The average score is 16 of 50
Answers on the Map
Answers color-coded by a green-red scale on the quiz's map according to % correct below.
 
Answer Stats
Population City % Correct
5,157 Valletta
91%
32,042 St. Paul's Bay
59%
25,807 Birkirkara
57%
11,936 Rabat
57%
19,655 Sliema
57%
7,242 Victoria
53%
5,468 Marsa
50%
3,988 Marsaxlokk
44%
23,482 Mosta
44%
11,653 St. Julian's
39%
10,514 Ħamrun
38%
12,738 Mellieħa
38%
18,099 Qormi
38%
7,249 Luqa
34%
16,804 Marsaskala
34%
16,912 Naxxar
32%
4,840 Mġarr
30%
12,409 Żejtun
30%
12,295 Żurrieq
30%
3,865 Dingli
29%
10,331 Gżira
29%
12,268 Attard
28%
11,844 Birżebbuġa
28%
13,587 Msida
27%
9,339 Paola
27%
17,148 Żabbar
27%
4,548 Nadur
26%
3,545 Pembroke
26%
14,244 San Ġwann
26%
8,834 Santa Venera
26%
9,464 Tarxien
26%
3,105 Kalkara
25%
13,044 Swieqi
25%
4,654 Bormla
24%
4,774 Balzan
23%
13,066 Fgura
23%
9,318 Siġġiewi
23%
3,523 Għajnsielem
22%
3,555 Xewkija
22%
3,148 Qrendi
21%
5,161 Xagħra
21%
3,229 Gudja
20%
3,162 Lija
20%
3,741 Għargħur
19%
5,538 Għaxaq
19%
3,525 Mqabba
19%
3,399 Iklin
17%
5,892 Pietà
14%
13,785 Ħaż-Żebbuġ
13%
3,303 Iż-Żebbuġ
8%
No matching quizzes found
Score Distribution
Percent of People with Each Score
Percentile by Number Answered
Your Score History
You have not taken this quiz